000 00466nam a2200157Ia 4500
008 220216s9999 xx 000 0 und d
100 _aMathew N.M.
245 0 _aScanning electron microscopy studies in abrasion of NR/BR blends under different test conditions
260 _bJournal of Materials Science
_c1983
300 _a515-524
650 _aAbrasion
650 _aBlend
650 _aNatural rubber
650 _aScanning electron microscopy
942 _cBS
999 _c51682
_d51682